Most Popular TV Shows - Statistics

General Stats
  • This quiz has been taken 49 times
  • The average score is 7 of 50
Answer Stats
Hint Answer % Correct
8 Friends
84%
1 Breaking Bad
63%
2 Game of Thrones
58%
6 The Office (US)
42%
4 The Sopranos
40%
50 How I Met Your Mother
33%
37 Modern Family
33%
48 Lost
30%
27 Dexter
28%
18 Stranger Things
28%
25 Doctor Who
21%
26 Parks and Recreation
21%
38 Supernatural
21%
3 The Wire
19%
29 Vikings
19%
39 Brooklyn99
16%
17 Better Call Saul
14%
10 Peaky Blinders
14%
23 The Queen's Gambit
14%
46 Money Heist
12%
33 Suits
12%
16 The Boys
12%
15 This is Us
12%
20 Arrested Development
9%
30 Schitt's Creek
9%
32 Sons of Anarchy
9%
34 Community
7%
41 Ozark
7%
21 Shameless
7%
14 The Crown
7%
12 Black Mirror
5%
9 Fargo
5%
19 Ted Lasso
5%
11 The Mandalorian
5%
49 Homeland
2%
31 The Expanse
2%
42 The Handmaid's Tale
2%
28 Westworld
2%
22 Yellowstone
2%
5 Attack on Titan
0%
24 Cobra Kai
0%
47 Dota: Dragon's Blood
0%
40 Genius
0%
44 Heartland
0%
7 Invincible
0%
13 Line of Duty
0%
36 Outlander
0%
35 Resident Alien
0%
43 The Last Kingdom
0%
45 Unforgotten
0%
No matching quizzes found
Score Distribution
Percent of People with Each Score
Percentile by Number Answered
Your Score History
You have not taken this quiz